000 00461nam a2200145Ia 4500
008 100122s9999 xx 000 0 und d
082 _b20180
_a823
100 _aदांडेकर मालती
245 _aकाटेरी मार्ग
260 _bपंडित अनंत कुलकर्णी
_c1948
300 _a187
630 _aकाटेरी मार्ग
730 _aकाटेरी मार्ग
942 _cBOOK
999 _c408912
_d408909